Markets (Record no. 83955)
[ view plain ]
| 000 -LEADER | |
|---|---|
| fixed length control field | 01125cab a22002055a 4500 |
| 001 - CONTROL NUMBER | |
| control field | L156137 |
| 008 - FIXED-LENGTH DATA ELEMENTS--GENERAL INFORMATION | |
| fixed length control field | 120501e2012 xxk 000 0 eng d |
| 035 ## - SYSTEM CONTROL NUMBER | |
| System control number | (Sirsi) u156137 |
| 041 0# - LANGUAGE CODE | |
| Language code of text/sound track or separate title | eng |
| 100 1# - MAIN ENTRY--PERSONAL NAME | |
| Personal name | Stewart, Sarah |
| 245 00 - TITLE STATEMENT | |
| Title | Markets |
| Remainder of title | West Midlands |
| 260 ## - PUBLICATION, DISTRIBUTION, ETC. | |
| Date of publication, distribution, etc. | 2012 |
| 490 #0 - SERIES STATEMENT | |
| Series statement | Property Week |
| Volume/sequential designation | 78(17) 27 April 2012, 51- 62(6) |
| 520 ## - SUMMARY, ETC. | |
| Summary, etc. | Birmingham's property community feels excluded from voting in the referendum for the city's directly elected mayor. Birmingham's 1m sq ft Paradise Circus office development to be downsized following review. DTZ Investment Management purchases first phase of Caxtongate and Temple Street, Birmingham, mixed-use asset for £6.34. Hines starts makeover of 5 Brindleyplace, Birmingham with rental aspirations of £26 sq ft. Sanctuary Group is to begin work on an £8m Extra Care assisted living residential scheme at Lawley Village, Telford. Trebor Developments plans to redevelop the Grand Hotel on Colmore Row, Birmingham. |
| 590 ## - LOCAL NOTE (RLIN) | |
| Local note | KA |
| 651 #4 - SUBJECT ADDED ENTRY--GEOGRAPHIC NAME | |
| Geographic name | West Midlands |
| 690 ## - LOCAL SUBJECT ADDED ENTRY--TOPICAL TERM (OCLC, RLIN) | |
| Topical term or geographic name as entry element | Commercial property |
| 9 (RLIN) | 6227 |
| 690 ## - LOCAL SUBJECT ADDED ENTRY--TOPICAL TERM (OCLC, RLIN) | |
| Topical term or geographic name as entry element | Residential property |
| 9 (RLIN) | 6266 |
| 942 ## - ADDED ENTRY ELEMENTS (KOHA) | |
| Suppress in OPAC | 0 |
| Withdrawn status | Lost status | Source of classification or shelving scheme | Damaged status | Not for loan | Home library | Current library | Shelving location | Date acquired | Total Checkouts | Full call number | Barcode | Date last seen | Price effective from | Koha item type |
|---|---|---|---|---|---|---|---|---|---|---|---|---|---|---|
| Dewey Decimal Classification | London | London | Journal article | 01/05/2012 | L156137 | 156137-1001 | 06/08/2019 | 06/08/2019 | Journal |